|
|
|
|
| LEADER |
02158nam a2200481 i 4500 |
| 001 |
EBC4426445 |
| 003 |
MiAaPQ |
| 005 |
20200520144314.0 |
| 006 |
m o d | |
| 007 |
cr cnu|||||||| |
| 008 |
160317t20162016gw ao o 001 0 ger d |
| 020 |
|
|
|z 9783110444834
|
| 020 |
|
|
|a 9783110445480
|q (electronic bk.)
|
| 020 |
|
|
|a 9783110445503
|q (electronic bk.)
|
| 035 |
|
|
|a (MiAaPQ)EBC4426445
|
| 035 |
|
|
|a (Au-PeEL)EBL4426445
|
| 035 |
|
|
|a (CaPaEBR)ebr11163743
|
| 035 |
|
|
|a (CaONFJC)MIL900979
|
| 035 |
|
|
|a (OCoLC)937368471
|
| 040 |
|
|
|a MiAaPQ
|b eng
|e rda
|e pn
|c MiAaPQ
|d MiAaPQ
|
| 043 |
|
|
|a e------
|
| 050 |
|
4 |
|a D200
|b .T736 2016
|
| 082 |
0 |
|
|a 303.482400902
|2 23
|
| 245 |
0 |
0 |
|a Transkulturelle verflechtungsprozesse in der vormoderne /
|c Wolfram Drews, Christian Scholl (Hrsg.).
|
| 264 |
|
1 |
|a Berlin, [Germany] ;
|a Boston, [Massachusetts] :
|b De Gruyter,
|c 2016.
|
| 264 |
|
4 |
|c 2016
|
| 300 |
|
|
|a 1 online resource (312 pages) :
|b illustrations, photographs.
|
| 336 |
|
|
|a text
|2 rdacontent
|
| 337 |
|
|
|a computer
|2 rdamedia
|
| 338 |
|
|
|a online resource
|2 rdacarrier
|
| 490 |
0 |
|
|a Das Mittelalter Perspektiven mediavistischer Forschung ;
|v Band 3
|
| 500 |
|
|
|a Includes index.
|
| 588 |
|
|
|a Description based on online resource; title from PDF title page (ebrary, viewed March 18, 2016).
|
| 590 |
|
|
|a Electronic reproduction. Ann Arbor, MI : ProQuest, 2016. Available via World Wide Web. Access may be limited to ProQuest affiliated libraries.
|
| 650 |
|
0 |
|a Cultural pluralism
|z Europe
|x History
|y To 1500.
|
| 650 |
|
0 |
|a Acculturation
|z Europe
|x History
|y To 1500.
|
| 650 |
|
0 |
|a Intercultural communication
|z Europe
|x History
|y To 1500.
|
| 655 |
|
4 |
|a Electronic books.
|
| 700 |
1 |
|
|a Drews, Wolfram,
|e editor.
|
| 700 |
1 |
|
|a Scholl, Christian,
|d 1971-
|e editor.
|
| 776 |
0 |
8 |
|i Print version:
|t Transkulturelle verflechtungsprozesse in der vormoderne.
|d Berlin, [Germany] ; Boston, [Massachusetts] : De Gruyter, c2016
|h xxiii, 287 pages
|k Das Mittelalter Perspektiven mediavistischer Forschung ; Band 3
|z 9783110444834
|
| 797 |
2 |
|
|a ProQuest (Firm)
|
| 856 |
4 |
0 |
|u https://ebookcentral.proquest.com/lib/matrademy/detail.action?docID=4426445
|z Click to View
|